000 00577nam a22002052 4500
001 0000001874
005 20151217155813.0
008 070328s xx 000 0 eng d
020 _a9966464549 :
_cKES 1,270
040 _aKABU
_cKABU
050 0 _aDT433.576
_b.B58A3
100 1 _aBlundell, Michael.
_@0000150939
245 1 2 _aA Love affair with the sun.
260 _aNairobi :
_bKenway,
_c1994.
300 _a229 p.
600 1 0 _aBlundell, Michael, Sir.
_@0000150940
908 _a070328
950 _@1
999 _c12651
_d12651